000 00523nam a2200193Ia 4500
005 20250813115123.0
008 191130s2010##################000#0#eng##
020 _a9780755329175
_qpbk
041 _aeng
082 _a823.914 JAR
100 _aJardine, Quintin
245 _aFatal last words
_cQuintin Jardine
250 _a1st ed
260 _aLondon
_bHeadline
_c2010
300 _a500 p. ; 18 cm
650 _aDetective and mystery stories
650 _aSerial murder investigation -- Fiction
942 _cENGLISH
999 _c262448
_d262448